| 000 | 00000nam##2200000za#4500 |
| 001 | 9.695780 |
| 003 | CaOODSP |
| 005 | 20210624234731 |
| 007 | cr ||||||||||| |
| 008 | 150407|2001||||xxc|||||o f|0| 0 eng|d |
| 040 | |aCaOODSP|beng |
| 043 | |an-cn--- |
| 086 | 1 |aE94-309/2001E-PDF |
| 110 | 1 |aCanada.|bCanadian International Development Agency. |
| 245 | 10|aCanada and development cooperation in the Americas : |h[electronic resource]|bphotos from the family album |
| 260 | |aHull - Quebec : |bCanadian International Development Agency |cc2001. |
| 300 | |a16p.|bgraph, photographs |
| 500 | |aThe catalogue number (E94-309/2001E) and ISBN (0-662-30036-X) for the print edition have been incorrectly copied in this electronic publication. |
| 520 | 3 |aThis report on CIDA's development-cooperation work in Latin America and the Caribbean was released in March 2001. It highlights several specific projects ranging from programs to prevent and control HIV/AIDS in St. Vincent and the Grenadines to support for aspiring teachers in Guyana's Amerindian communities to credit for small businesses in Bolivia. |
| 590 | |a12-16-Supp|b2012-04-17 |
| 690 | 07|aEconomic conditions|2gcpds |
| 690 | 07|aEconomic development|2gcpds |
| 690 | 07|aHuman rights|2gcpds |
| 690 | 07|aInternational cooperation|2gcpds |
| 775 | 08|tLe Canada et la coopération au développement dans les Amériques : |w(CaOODSP)9.639905 |
| 776 | 0#|tCanada and development cooperation in the Americas : |w(CaOODSP)9.648061 |
| 856 | 40|ahttp://publications.gc.ca|qPDF|s985 KB|uhttps://publications.gc.ca/collections/Collection/E94-309-2001E.pdf |